00000000nam 2200000zi 4500
0019.947391
003CaOODSP
00520250127111818
006m     o  d f      
007cr mn|||||||||
008250127t19911992oncd    ob   f000 0 fre d
040 |aCaOODSP|bfre|erda|cCaOODSP
043 |an-cn---
0861 |aZ1-1989/1-41-2F-PDF
24500|aRéglementation du transport de passagers par autocar / |cPeat Marwick Stevenson & Kellogg.
264 1|a[Ottawa] : |b[Commission royale sur le transport des voyageurs au Canada], |cjuillet 1991.
264 4|c©1992
300 |a1 ressource en ligne (1 volume (en pagination multiple)) : |bgraphique
336 |atexte|btxt|2rdacontent/fre
337 |ainformatique|bc|2rdamedia/fre
338 |aressource en ligne|bcr|2rdacarrier/fre
500 |aPublié aussi en anglais sous le titre : Intercity passenger bus regulation in Canada.
500 |a« Rapport rédigé pour la Division de la recherche de la Commission royale sur le transport des voyageurs au Canada. »
500 |a« RR-02. »
500 |aComprend 2 pages de titre.
500 |aÉdition numérisée de l'imprimée [par Direction des publications du gouvernement du Canada].
504 |aComprend des références bibliographiques.
650 6|aLignes d'autobus|xDroit|zCanada.
650 6|aLignes d'autobus|xDéréglementation|zCanada.
650 6|aTransport|xPolitique gouvernementale|zCanada.
7101 |aCanada. |bCommission royale sur le transport des voyageurs au Canada. |bDivision de la recherche, |eorganisme de publication.
7102 |aPeat Marwick Stevenson & Kellogg, |econsultant.
77508|tIntercity passenger bus regulation in Canada / |w(CaOODSP)9.947388
85640|qPDF|s6.08 Mo|uhttps://publications.gc.ca/collections/collection_2025/bcp-pco/Z1-1989-1-41-2-fra.pdf